| 000 | 00000nas 2200000za 4500 |
| 001 | 9.507945 |
| 003 | CaOODSP |
| 005 | 20240703102705 |
| 007 | cr ||||||||||| |
| 008 | 150406d20132015oncar pso||||f0 a0eng|d |
| 040 | |aCaOODSP|beng |
| 043 | |an-cn--- |
| 086 | 1 |aA101-7E-PDF |
| 110 | 2 |aCanadian Food Inspection Agency. |
| 245 | 10|aComplaints and Appeals Office - annual report |h[electronic resource] |
| 260 | |aOttawa : |bCanadian Food Inspection Agency |
| 310 | |aAnnual |
| 362 | 1 |aBegan with 2012/2013; ceased with 2013/2014. |
| 500 | |aIssued also in French under title: Bureau des plaintes et des appels - rapport annuel. |
| 690 | 07|aAppeals|2gcpds |
| 690 | 07|aComplaints|2gcpds |
| 690 | 07|aFood inspection|2gcpds |
| 775 | 08|tBureau des plaintes et des appels - rapport annuel |w(CaOODSP)9.504323 |
| 785 | 00|tBiennial report ... |w(CaOODSP)9.828158 |